Love Island 2021 - Statistics

General Stats
  • This quiz has been taken 511 times
    462 since last reset
  • The average score is 23 of 37
Answer Stats
Contestants % Correct
Millie
93%
Liam
92%
Toby
92%
Chloe
91%
Faye
89%
Jake
87%
Liberty
87%
Kaz
86%
Teddy
85%
Lucinda
84%
Tyler
77%
Aaron
75%
Aaron
75%
Hugo
74%
Sharon
71%
Brad
70%
Lillie
67%
Mary
64%
Shannon
64%
Abigail
56%
Priya
51%
Sam
51%
Brett
50%
Amy
49%
Matthew
49%
Georgia
48%
Chuggs
47%
Clarisse
47%
Rachel
47%
Dale
45%
Danny
42%
AJ
41%
Jack
37%
Harry
27%
Salma
27%
Medhy
25%
Kaila
21%
No matching quizzes found
Score Distribution
Percent of People with Each Score
Percentile by Number Answered
Your Score History
You have not taken this quiz since the last reset